Music Quiz

Random Music or Lyrics Quiz
Score 0/20 Timer 10:00
0 Plays Today
Lyric Song % Correct
Poised for conflict at ground zeroThe Great Debate
73.8%
Look at poor Gene Kelly, I guess he won't be singing in the rainTake Away My Pain
65%
My blood spilled on your brand new floorNever Enough
64.6%
The unbroken spirit, obscured and disquietTake the Time
64.2%
The case of the missing dogThe Best of Times
63.5%
Nervous flashlights scan my dreamsUnder a Glass Moon
58.5%
A man pleads forgiveness, his words I cannot hearOne Last Time
55%
All dogs need a leash and at least I'll forget itLie
52.7%
Your empathy means nothing if there is no honorProphets of War
43.8%
There was every sign that lead thereBeyond This Life
42.3%
Lyric Song % Correct
And with every passing day true colors showHonor Thy Father
40.4%
He seemed such a clear cut caseThe Test That Stumped Them All
40.4%
Sharing flesh like envy in cagesInnocence Faded
33.5%
Could this be the beginning of the end?Repentance
31.5%
You cut yourself open so people would adore youRaise the Knife
30.4%
A dream that only drowned meA Change of Seasons
28.1%
Locked in a kingdom of fearOutcry
26.9%
A dream-stricken prince of a pauper's descentOnly a Matter of Time
25%
I favored the few that stood strong in the sunStatus Seeker
19.2%
Mistakes resolved give sightSurrender to Reason
16.9%
Remove Ads.
Support Sporcle.
Get the best of Sporcle when you Go Orange. This ad-free experience offers more features, more stats, and more fun while also helping to support Sporcle. Thank you for becoming a member.

You're not logged in!

Compare scores with friends on all Sporcle quizzes.
OR
Log In

Show Comments

Extras

Created Oct 17, 2013ReportNominate
Tags:Lyrics Quiz, Dream Theater

Top Quizzes Today


Score Distribution

Your Account Isn't Verified!

In order to create a playlist on Sporcle, you need to verify the email address you used during registration. Go to your Sporcle Settings to finish the process.

Report this User

Report this user for behavior that violates our Community Guidelines.

Details: